Т. 4 : Титан: роман; Собрание сочинений в 12 т.

Dades bibliogràfiques
Parent link:Собрание сочинений в 12 т./ Т. Драйзер; сост. С. С. Иванько ; худож. П. Пинкисевич. Т. 4 : Титан.— , 1973-
Sumari:Исключено из фонда НТБ ТПУ
Idioma:rus
Publicat: 1973
Format: MixedMaterials Llibre
KOHA link:https://koha.lib.tpu.ru/cgi-bin/koha/opac-detail.pl?biblionumber=163999

MARC

LEADER 00000nam0a2200000 4500
001 163999
005 20231031161040.0
035 |a (RuTPU)RU\TPU\book\177915 
035 |a RU\TPU\book\177910 
090 |a 163999 
100 |a 20090826g1973 m y0rusy5003 ca 
101 1 |a rus  |c eng 
102 |a RU 
105 |a a z 000ay 
200 0 |a Т. 4 : Титан  |e роман 
210 |d 1973 
215 |a 592 с.  |c ил. 
333 |a Исключено из фонда НТБ ТПУ 
461 |t Собрание сочинений в 12 т.  |f Т. Драйзер  |g сост. С. С. Иванько ; худож. П. Пинкисевич  |v Т. 4 : Титан  |d 1973-  |s Библиотека зарубежной классики 
801 0 |a RU  |b RuMRKP  |c 19950704  |g psbo 
801 1 |a RU  |b 63413507  |c 20080211  |g PSBO 
801 2 |a RU  |b 63413507  |c 20220623  |g PSBO 
942 |c BK